| 000 | 00473nam a2200193Ia 4500 | ||
|---|---|---|---|
| 005 | 20240823024924.0 | ||
| 008 | 240823s9999||||xx |||||||||||||| ||und|| | ||
| 020 | _a81-314-0473-0 | ||
| 041 | _aENGLISH | ||
| 082 | _A368.1 P6 | ||
| 100 | _aNarsimha Rao A V | ||
| 245 | 0 | _aD & O and Terrorism Insurance | |
| 250 | _a1st | ||
| 260 |
_c2006 _bICFAI University |
||
| 500 | _aYES | ||
| 650 |
_aTerrorism Insurance _bManagement Studies |
||
| 942 | _cBK | ||
| 999 |
_c185069 _d185069 |
||